Normal view
MARC view
Entry Topical Term
001 - CONTROL NUMBER
- control field: 55322
003 - CONTROL NUMBER IDENTIFIER
- control field: dpl
005 - DATE AND TIME OF LATEST TRANSACTION
- control field: 20130311105458.0
008 - FIXED-LENGTH DATA ELEMENTS
- fixed length control field: 130311|||a|||||| | ||| d
040 ## - CATALOGING SOURCE
- Original cataloging agency: dpl
- Transcribing agency: dpl
150 ## - HEADING--TOPICAL TERM
- Topical term or geographic name as entry element: Human rights.
670 ## - SOURCE DATA FOUND
- Source citation: Work cat.: (dpl)59367: Fischlin, Daniel 55321, The concise guide to global human rights /, 2012
670 ## - SOURCE DATA FOUND
- Source citation: Work cat.: (dpl)59367: Fischlin, Daniel 55321, The concise guide to global human rights /, 2012
